Catálogo
 En Linea

Curso - taller estadistica : (Registro nro. 10522)

Detalles MARC
000 -CABECERA
campo de control de longitud fija 01638cam a22003377a 4500
001 - NÚMERO DE CONTROL
campo de control 000010768
005 - FECHA Y HORA DE LA ÚLTIMA TRANSACCIÓN
campo de control 20250626131116.0
008 - DATOS DE LONGITUD FIJA--INFORMACIÓN GENERAL
campo de control de longitud fija 070104s2002 mx a b 000 0 spa d
010 ## - NÚMERO DE CONTROL DE LA BIBLIOTECA DEL CONGRESO
Número de control de LC 2007354007
020 ## - NÚMERO INTERNACIONAL ESTÁNDAR DEL LIBRO
ISBN cancelado o inválido 9689330309
035 ## - NÚMERO DE CONTROL DEL SISTEMA
Número de control de sistema (OCoLC)ocm69117012
035 ## - NÚMERO DE CONTROL DEL SISTEMA
Número de control de sistema (OCoLC)69117012
040 ## - FUENTE DE LA CATALOGACIÓN
Centro catalogador/agencia de origen DO-SdBNP
Centro/agencia transcriptor MXADN
Centro/agencia modificador DLC
042 ## - CÓDIGO DE AUTENTICACIÓN
Código de autenticación lccopycat
082 ## - NÚMERO DE LA CLASIFICACIÓN DECIMAL DEWEY
Número de clasificación 519.5
Número de documento/Ítem C977
049 ## - FONDOS LOCALES (OCLC)
Fondos de biblioteca BNGR
245 00 - MENCIÓN DE TÍTULO
Título Curso - taller estadistica :
Resto del título aplicada a la investigacion /
Mención de responsabilidad, etc. colaboradores, Miguel anel Carmona Madero, Clemente Lemus Flores, Canelario Rubio Torres.
246 00 - FORMA VARIANTE DE TÍTULO
Título propio/Titulo breve Aplicada a la investigacion.
260 ## - PUBLICACIÓN, DISTRIBUCIÓN, ETC.
Lugar de publicación, distribución, etc. Tepic, Nayarit ; Mexico :
Nombre del editor, distribuidor, etc. Universidad Autonoma de Nayarit,
Fecha de publicación, distribución, etc. 2002.
300 ## - DESCRIPCIÓN FÍSICA
Extensión 102 p. :
Otras características físicas ill. ;
Dimensiones 21 cm.
500 ## - NOTA GENERAL
Nota general Programa Interinstitucional en ciencias pecuarias.
504 ## - NOTA DE BIBLIOGRAFÍA, ETC.
Nota de bibliografía, etc. Includes bibliographical references (p. 85-87).
505 0# - NOTA DE CONTENIDO CON FORMATO
Nota de contenido con formato Cap. 1. Calculo de estimadores esadisticos en variables continuas.-- Cap. 2. Prueba de hipotesis.-- Cap. 3. Diseno completamente al Azar.-- Cap. 4. Diseno en boques al Azar.-- Cap. 5. Diseno en cuadro latino.-- Cap. 6. Arreglo factorial.-- Cap. 7. Tamano de muestra.-- Cap. 8. Correlacion y Regresion.-- Cap. 9. Analisis de covarianza.-- Cap. 10. Prueba de x2.-- Cap. 11. Disenos experimentales no parametricos.
650 #0 - PUNTO DE ACCESO ADICIONAL DE MATERIA--TÉRMINO DE MATERIA
Término de materia o nombre geográfico como elemento de entrada Estadística matemática
9 (RLIN) 20984
650 #4 - PUNTO DE ACCESO ADICIONAL DE MATERIA--TÉRMINO DE MATERIA
Término de materia o nombre geográfico como elemento de entrada Estadística
Subdivisión general Investigación
9 (RLIN) 25986
700 1# - PUNTO DE ACCESO ADICIONAL--NOMBRE DE PERSONA
Nombre de persona Carmona Medero, Miguel Angel.
9 (RLIN) 25987
700 1# - PUNTO DE ACCESO ADICIONAL--NOMBRE DE PERSONA
Nombre de persona Clemente Lemus, Flores.
9 (RLIN) 25988
700 1# - PUNTO DE ACCESO ADICIONAL--NOMBRE DE PERSONA
Nombre de persona Rubio Torres, Candelario.
9 (RLIN) 25989
710 1# - PUNTO DE ACCESO ADICIONAL--NOMBRE DE ENTIDAD CORPORATIVA
Nombre de entidad corporativa o nombre de jurisdicción como elemento de entrada Universidad Autonoma de Nayarit.
9 (RLIN) 25990
910 ## - DATOS DE OPCIÓN DEL USUARIO (OCLC)
Datos de opción del usuario Catalogación por copia / LC
Existencias
Estado de retiro Estado de pérdida Restricciones de uso No para préstamo Código de colección Localización permanente Ubicación/localización actual Ubicación en estantería Fecha de adquisición Número de inventario Total de préstamos Signatura topográfica completa Código de barras Fecha visto por última vez Precio válido a partir de Tipo de ítem Koha
    Préstamo interno   Monografías: Libros y Folletos General General En catalogación 09.10.2009 LF1   519.5 C977 10768-10 25.06.2020 25.06.2020 Préstamo interno

Con tecnología Koha